000 00319nam a2200133Ia 4500
005 20260328104318.0
008 260328s9999||||xx |||||||||||||| ||und||
100 _aSwimm, Tom
245 0 _aAcrylic Painting Step by Step /
_cTom Swimm
260 _bWalter Foster
300 _a64 p.
650 _aPINTURA
942 _cBK
999 _c11254
_d11254